| 000 | 00485nam a22001697a 4500 | ||
|---|---|---|---|
| 005 | 20250327114308.0 | ||
| 008 | 250327b |||||||| |||| 00| 0 eng d | ||
| 020 | _a9780691250144 | ||
| 041 | _aeng | ||
| 082 | _a338.5 KRE | ||
| 100 | _aKreps, David M. | ||
| 245 | _aMicroeconomic Foundations II: Imperfect Competition Information and Strategic Interaction | ||
| 260 |
_aUSA _bPrinceton Univeinrity Pres _c2023 |
||
| 300 | _a780;.P. 26 cm | ||
| 650 | _aMicroeconomics | ||
| 942 | _cBK | ||
| 999 |
_c43434 _d43434 |
||